000 00296nam a22001337a 4500
008 170615b xxu||||| |||| 00| 0 eng d
020 _a9781567931396
041 _aeng
080 _a32
100 _a19
101 _aSHP
245 _aCONTEMPORARY HEALTH POLICY
_cLONGEST,B.B
942 _2udc
_cBK
999 _c17581
_d17581